Eurovision Song Lyrics - Greece - Statistics

General Stats
  • This quiz has been taken 20 times
  • The average score is 223 of 290
Answer Stats
Answer % Correct
a
100%
always
93%
And
93%
and
93%
each
93%
have
93%
I
93%
other
93%
to
93%
together
93%
We
93%
we
93%
will
93%
You
93%
you
93%
another
87%
die
87%
for
87%
if
87%
If
87%
in
87%
on
87%
lose
80%
love
80%
my
80%
the
80%
do
73%
forever
73%
get
73%
heart
73%
hold
73%
I'm
73%
it
73%
It's
73%
me
73%
now
73%
of
73%
say
73%
Say
73%
that
73%
won't
73%
your
73%
all
67%
are
67%
Are
67%
been
67%
But
67%
don't
67%
good
67%
oh
67%
rip
67%
side
67%
so
67%
Take
67%
this
67%
'til
67%
what
67%
when
67%
year
67%
back
60%
Close
60%
control
60%
crazy
60%
driving
60%
fear
60%
fully
60%
like
60%
living
60%
made
60%
only
60%
out
60%
they
60%
us
60%
way
60%
we've
60%
You're
60%
you're
60%
anymore
53%
Bring
53%
can
53%
'Cause
53%
eachother
53%
fine
53%
giving
53%
having
53%
hell
53%
laugh
53%
our
53%
seat
53%
seem
53%
that's
53%
That's
53%
time
53%
too
53%
up
53%
Yeah
53%
cry
47%
Doesn't
47%
known
47%
lovely
47%
own
47%
No matching quizzes found
Score Distribution
Percent of People with Each Score
Percentile by Number Answered
Your Score History
You have not taken this quiz